header

Flash CS4 for dummies (Record no. 32026)

MARC details
000 -LEADER
fixed length control field 01292nam a2200361Ia 4500
100 1# - MAIN ENTRY--AUTHOR NAME
Personal name Finkelstein, Ellen.
245 10 - TITLE STATEMENT
Title Flash CS4 for dummies
260 ## - PUBLICATION, DISTRIBUTION, ETC. (IMPRINT)
Place of publication Hoboken, N.J. :
Name of publisher Wiley Pub.,
Year of publication c2008.
300 ## - PHYSICAL DESCRIPTION
Number of Pages xix, 376 p. :
Other physical details col. ill.
490 1# - SERIES STATEMENT
Series statement --For dummies
500 ## - GENERAL NOTE
General note Includes index.
650 #0 - SUBJECT ADDED ENTRY--TOPICAL TERM
Topical Term Computer animation.
Topical Term Web sites
Topical Term ActionScript (Computer program language)
700 1# - ADDED ENTRY--PERSONAL NAME
Personal name Leete, Gurdy.
856 40 - ELECTRONIC LOCATION AND ACCESS
Uniform Resource Identifier http://site.ebrary.com/lib/rucke/Doc?id=10257647

No items available.

© 2026 Rongo University
Contact us: librarian | system librarian | Rongo university